000 00364nam a2200145Ia 4500
008 150201s2006 xx 000 0 und d
082 _a611.08
_bH2006R
100 _aRAO,NAGESH
245 _aHISTOLOGY : MADE EASY
250 _a1ST
260 _bC.B.S PUBLISHERS & DISTRIBUTERS
_aDELHI
_c2006
300 _a1-181
650 _aHUMAN HISTOLOGY
942 _2ddc
_cBK
_02
999 _c3648
_d3648